池袋駅から出ている行き先 - Statistics

General Stats
  • This quiz has been taken 340 times
  • The average score is 42 of 53
Answer Stats
路線 行き先 % Correct
JS・JA・M 新宿
98%
山手線 大崎
97%
埼京線 大崎
97%
埼京線 大宮
95%
山手線 品川
93%
埼京線 川越
92%
埼京線・有楽町線 新木場
92%
埼京線 赤羽
91%
湘南新宿ライン 宇都宮
90%
湘南新宿ライン 高崎
89%
副都心線 渋谷
89%
湘南新宿ライン 小田原
87%
西武池袋線 所沢
87%
有楽町線・副都心線 和光市
87%
副都心線 横浜
87%
埼京線 武蔵浦和
84%
湘南新宿ライン 籠原
84%
湘南新宿ライン 大船
84%
東武東上本線 川越市
84%
東武東上本線 森林公園
84%
東武東上本線 小川町
84%
西武池袋線 飯能
84%
丸ノ内線 荻窪
84%
西武池袋線 西武秩父
83%
丸ノ内線 方南町
83%
埼京線・副都心線 海老名
82%
湘南新宿ライン 平塚
82%
副都心線 元町・中華街
82%
副都心線 武蔵小杉
81%
湘南新宿ライン 小金井
79%
西武池袋線 石神井公園
79%
湘南新宿ライン 前橋
78%
湘南新宿ライン 国府津
78%
湘南新宿ライン 逗子
78%
丸ノ内線 中野坂上
78%
東武東上本線 志木
76%
西武池袋線 小手指
76%
副都心線 湘南台
76%
副都心線 菊名
74%
東武東上本線 成増
73%
西武池袋線 保谷
71%
湘南新宿ライン 古河
70%
丸ノ内線 中野富士見町
70%
副都心線 西谷
70%
副都心線 元住吉
69%
丸ノ内線 茗荷谷
67%
西武池袋線 豊島園
64%
西武池袋線 西武球場前
63%
西武池袋線 清瀬
63%
湘南新宿ライン 伊豆急下田
62%
湘南新宿ライン 東武日光
59%
湘南新宿ライン 鬼怒川温泉
59%
東武東上本線 上福岡
59%
No matching quizzes found
Score Distribution
Percent of People with Each Score
Percentile by Number Answered
Your Score History
You have not taken this quiz